000
00354nam a2200133Ia 4500
008
230312s9999||||xx |||||||||||||| ||und||
082
_a
891.4
_b
NAS-K
100
_a
پیر سیدّ نصیر الدین
245
0
_a
خُطباتِ نصیر گیلانی
260
_b
Mahria naseer
_a
pakistan
_c
2014
300
_a
329
650
_a
Literature
942
_c
BK
999
_c
14737
_d
14737